| Tag |
First Indicator |
Second Indicator |
Subfields |
| LEADER |
00000cam a2200000Ka 4500 |
| 001 |
in00001826331 |
| 005 |
20211202201647.0 |
| 008 |
040415s2004 dcu s f000 0 eng d |
| 035 |
|
|
|a (OCoLC)ocm54959506
|
| 040 |
|
|
|a GPO
|c GPO
|d MvI
|d UtOrBLW
|
| 049 |
|
|
|a WWW
|
| 074 |
|
|
|a 0491-B-31 (online)
|
| 086 |
0 |
|
|a HE 20.6524:93
|
| 245 |
0 |
0 |
|a Effects of omega-3 fatty acids on cardiovascular risk factors and intermediate markers of cardiovascular disease /
|c prepared by Tufts-New England Medical Center EPC ; investigators, Ethan Balk [and others].
|
| 246 |
2 |
|
|a Effects of omega 3 fatty acids on cardiovascular risk factors and intermediate markers of cardiovascular disease
|
| 264 |
|
1 |
|a [Rockville, Md.] :
|b [Agency for Healthcare Research and Quality, U.S. Dept. of Health and Human Services],
|c [2004]
|
| 336 |
|
|
|a text
|b txt
|2 rdacontent
|
| 337 |
|
|
|a computer
|b c
|2 rdamedia
|
| 338 |
|
|
|a unspecified
|b zu
|2 rdacarrier
|
| 490 |
1 |
|
|a AHRQ publication ; no. 04-E 010-2
|
| 490 |
1 |
|
|a Evidence report/technology assessment ;
|v no. 93
|
| 538 |
|
|
|a System requirements: ZIP decompression software; MS Word software.
|
| 538 |
|
|
|a Mode of access: Internet from the AHRQ web site. Address as of 4/15/04: http://www.ahrq.gov/downloads/pub/evidence/o3cardrisk.zip; current access available via PURL.
|
| 500 |
|
|
|a Title from title screen (viewed on Apr. 15, 2004).
|
| 500 |
|
|
|a Electronic resource.
|
| 650 |
|
0 |
|a Omega-3 fatty acids
|x Therapeutic use.
|
| 650 |
|
0 |
|a Omega-3 fatty acids
|x Physiological effect.
|
| 650 |
|
0 |
|a Cardiovascular system
|x Diseases
|x Nutritional aspects.
|
| 700 |
1 |
|
|a Balk, Ethan.
|
| 710 |
2 |
|
|a Tufts-New England Medical Center.
|b Evidence-based Practice Center.
|
| 710 |
1 |
|
|a United States.
|b Agency for Healthcare Research and Quality.
|
| 830 |
|
0 |
|a AHRQ publication ; no. 04-E 010-2.
|
| 830 |
|
0 |
|a Evidence report/technology assessment ;
|v no. 93.
|
| 856 |
4 |
0 |
|u https://purl.fdlp.gov/GPO/LPS47477
|t 0
|
| 999 |
|
|
|a MARS
|
| 999 |
f |
f |
|s c03bddc4-54be-3cd3-946a-3ae001d7cf5e
|i 4a442373-9682-367c-a113-cbb054b7668c
|t 0
|
| 952 |
f |
f |
|a Texas A&M University
|b College Station
|c Electronic Resources
|d Available Online
|t 0
|e HE 20.6524:93
|h Superintendent of Documents classification
|
| 998 |
f |
f |
|a HE 20.6524:93
|t 0
|l Available Online
|